La Constitution Européenne à référendum: Espagne et France 2005 /

Spremljeno u:
Bibliografski detalji
Glavni autor: Marcet, Joan
Daljnji autori: ed. Dupoirier, Elisabeth Maestro, Jesús Medina, Lucía Muxel, Anne Perrineau, Pascal Sauger, Nicolas
Format: Tekst
Izdano: Barcelona: ICPS. Institut de Ciènces Polítiques i Socials
Oznake: Dodaj oznaku
Bez oznaka, Budi prvi tko označuje ovaj zapis!

MARC

LEADER 00000 a a2200000 04500
001 36618
003
040
020 |a 84-608-0468-2  
090 |a 0001 M314c  
100 |a Marcet, Joan  
245 |a La Constitution Européenne à référendum: Espagne et France 2005 /  |c Joan Marcet  
260 |a Barcelona:   |b ICPS. Institut de Ciènces Polítiques i Socials  
300 |a 128 p.   |b map.  
700 |a ed.   |a Dupoirier, Elisabeth   |a Maestro, Jesús   |a Medina, Lucía   |a Muxel, Anne   |a Perrineau, Pascal   |a Sauger, Nicolas  
999 |c 11359  |d 11359